书目信息 |
| 题名: |
外国童声合唱精选72首 下
|
|
| 作者: | 桑叶松 , 谭天静 编 | |
| 分册: | ||
| 出版信息: | 北京 蓝天出版社 2004.07 |
|
| 页数: | 241-471页 | |
| 开本: | 26cm | |
| 丛书名: | ||
| 单 册: | ||
| 中图分类: | J652.63 | |
| 科图分类: | ||
| 主题词: | 外国音乐--作品 , 音乐--各国--作品 | |
| 电子资源: | ||
| ISBN: | 7-80158-467-8 | |
| 000 | 00710nam0 2200229 450 | |
| 001 | 0762775509 | |
| 005 | 20080106142934.61 | |
| 010 | @a7-80158-467-8@dCNY28.00 | |
| 100 | @a20071117d2004 km y0chiy0120 ea | |
| 101 | 0 | @achi |
| 102 | @aCN@b110000 | |
| 200 | 1 | @a外国童声合唱精选72首 下@Awai guo tong sheng he chang jing xuan 72 shou xia@f桑叶松,谭天静编@Fsang ye song,tan tian jing bian |
| 210 | @a北京@c蓝天出版社@d2004.07 | |
| 215 | @a241-471页@d26cm | |
| 606 | 0 | @a外国音乐@x作品 |
| 606 | 0 | @a音乐@y各国@x作品 |
| 690 | @aJ652.63@v4 | |
| 701 | 0 | @a桑叶松@Asang ye song@4编 |
| 701 | 0 | @a谭天静@Atan tian jing@4编 |
| 801 | 0 | @aCN@bNISOFT@c20080106 |
| 905 | @aBZT@dJ652.63@e5-2 | |
| 906 | @dCNY28.00@n0@r1 | |
| 外国童声合唱精选72首 下/桑叶松,谭天静编.-北京:蓝天出版社,2004.07 |
| 241-471页;26cm |
| ISBN 7-80158-467-8:CNY28.00 |
| ● |
| 相关链接 |
|
|
|
正题名:外国童声合唱精选72首 下
索取号:J652.63/5-2
 
预约/预借
| 序号 | 登录号 | 条形码 | 馆藏地/架位号 | 状态 | 备注 |
| 1 | 639455 | 2000639455 | 中心书库中库/ 中库021架A面3列4层3/ [索取号:J652.63/5-2] | 在馆 | |
| 2 | 639456 | 2000639456 | 中心书库中库/ 中库021架A面3列4层2/ [索取号:J652.63/5-2] | 在馆 | |
| 3 | 639457 | 2000639457 | 中心书库中库/ 中库021架A面3列4层7/ [索取号:J652.63/5-2] | 在馆 | |
| 4 | 639458 | 2000639458 | 中心书库中库/ 中库021架A面3列4层8/ [索取号:J652.63/5-2] | 在馆 | |
| 5 | 639459 | 2000639459 | 中心书库中库/ 中库021架A面3列4层9/ [索取号:J652.63/5-2] | 在馆 | |
| 6 | 639460 | 2000639460 | 中心书库中库/ 中库021架A面3列4层6/ [索取号:J652.63/5-2] | 在馆 | |
| 7 | 639461 | 2000639461 | 中心书库中库/ 中库021架A面3列4层81/ [索取号:J652.63/5-2] | 在馆 | |
| 8 | 639462 | 2000639462 | 中心书库中库/ 中库021架A面3列4层4/ [索取号:J652.63/5-2] | 在馆 | |
| 9 | 639463 | 2000639463 | 中心书库中库/ 中库021架A面3列4层5/ [索取号:J652.63/5-2] | 在馆 | |
| 10 | 639464 | 2000639464 | 中心书库中库/ 中库021架A面3列4层1/ [索取号:J652.63/5-2] | 在馆 |